Detalles MARC
| 000 -LEADER |
| fixed length control field |
04036nam a2200517Ii 4500 |
| 001 - CONTROL NUMBER |
| control field |
DIGLOM01006 |
| 003 - CONTROL NUMBER IDENTIFIER |
| control field |
NyNyDIG |
| 006 - FIXED-LENGTH DATA ELEMENTS--ADDITIONAL MATERIAL CHARACTERISTICS |
| fixed length control field |
m o d |
| 007 - PHYSICAL DESCRIPTION FIXED FIELD--GENERAL INFORMATION |
| fixed length control field |
cr ||||||||||| |
| 008 - FIXED-LENGTH DATA ELEMENTS--GENERAL INFORMATION |
| fixed length control field |
121001s2011 cl o 000 0 spa d |
| 020 ## - INTERNATIONAL STANDARD BOOK NUMBER |
| Canceled/invalid ISBN |
9789560000248 (obra completa) |
| 020 ## - INTERNATIONAL STANDARD BOOK NUMBER |
| Canceled/invalid ISBN |
9789560002983 |
| 035 ## - SYSTEM CONTROL NUMBER |
| System control number |
(OCoLC)888270303 |
| 040 ## - CATALOGING SOURCE |
| Original cataloging agency |
DGITA |
| Language of cataloging |
eng |
| Description conventions |
pn |
| Transcribing agency |
DGITA |
| 043 ## - GEOGRAPHIC AREA CODE |
| Geographic area code |
s-cl--- |
| 050 14 - LIBRARY OF CONGRESS CALL NUMBER |
| Classification number |
AP63 ebook |
| 240 10 - UNIFORM TITLE |
| Uniform title |
Babel (Santiago, Chile) |
| Form subheading |
Selections |
| 245 00 - TITLE STATEMENT |
| Title |
Babel |
| Remainder of title |
:revista de arte y critica. |
| Number of part/section of a work |
4 / |
| Statement of responsibility, etc. |
selección de textos y notas editoriales a cargo de Lorena Fuentes y Pierina Ferretti. Presentación a cargo de Lorena Fuentes. |
| 250 ## - EDITION STATEMENT |
| Edition statement |
1a ed. |
| 264 #1 - PRODUCTION, PUBLICATION, DISTRIBUTION, MANUFACTURE, AND COPYRIGHT NOTICE |
| Place of production, publication, distribution, manufacture |
Santiago de Chile, Chile : |
| Name of producer, publisher, distributor, manufacturer |
LOM Ediciones, |
| Date of production, publication, distribution, manufacture, or copyright notice |
2011. |
| 300 ## - PHYSICAL DESCRIPTION |
| Extent |
1 online resource (287 pages) |
| Other physical details |
facsm. |
| 336 ## - CONTENT TYPE |
| Content type term |
text |
| Content type code |
txt |
| Source |
rdacontent |
| 337 ## - MEDIA TYPE |
| Media type term |
computer |
| Media type code |
c |
| Source |
rdamedia |
| 338 ## - CARRIER TYPE |
| Carrier type term |
online resource |
| Carrier type code |
cr |
| Source |
rdacarrier |
| 500 ## - GENERAL NOTE |
| General note |
On cover: Babel: revista de arte y critica; Escritos de Enrique Espinoza I: Anticolonialismo y espíritu criollo. no 4. |
| 505 0# - FORMATTED CONTENTS NOTE |
| Formatted contents note |
Nota preliminar / Los Editores -- Enrique Espinoza y la revista Babel. Una aproximación a su itinerario biográfico y editorial / Lorena Fuentes -- La escuela de Sarmiento / Enrique Espinoza [Año xx, vol. ii, n° 13 (septiembre/octubre de 1940) pp. 18-32] -- La reconquista de Hudson / Enrique Espinoza [Año xxi, vol. iii, n° 18 (julio/agosto de 1941) pp. 67-88.] -- El regreso de Horacio Quiroga / Enrique Espinoza [Año v, vol. iv, n° 20, (1944) pp. 68-72.] -- B. Sanín Cano / Enrique Espinoza [Año v, vol. v, n° 24, (1944) pp. 123-127] -- Martí Ahora (1895 - 1945) / Enrique Espinoza [Año vi, vol. vii, n° 29, (septiembre/octubre de 1945) pp. 53-58] -- El sentido social de Martín Fierro / Enrique Espinoza [Año viii, vol. x, n° 41 (septiembre/octubre de 1947) pp. 149-157] -- La síntesis genuina de Lugones / Enrique Espinoza [año ix, vol. xi, n° 46 (julio/agosto de 1948) pp. 209-214] -- Del idioma y la raza / Enrique Espinoza [Año x, vol. xii, n° 52 (cuarto trimestre de 1949) pp. 239-248] -- Colonialismo espiritual / Enrique Espinoza [Año xii, vol. xiv, n° 57 (primer trimestre de 1951) pp. 29-34 -- Añoso, perspicaz, sereno.../ Enrique Espinoza [año xii, vol. xiv, n° 59 (tercer trimestre de 1951) pp. 151-156]. |
| 520 ## - SUMMARY, ETC. |
| Summary, etc. |
A selection of articles published in: Babel : revista de arte y crítica. [2a época] Santiago, Chile: año i, vol. i, no 1 (Mayo 1939) - año xii, vol. xiv, no 60 (cuarto trimestre, 1951); Publication suspended 1942-43. During 2nd época subtitles varies: Babel : revista de revistas. vol. 1, 1939; Revista de arte y crítica, vol. 2 - vol. 14, 1951. The 1st época was published in: Buenos Aires: año i, no.1 (primera quincena de abril, 1921) - año ix, no 31 (1929). |
| 545 ## - BIOGRAPHICAL OR HISTORICAL DATA |
| Biographical or historical data |
1st época: Samuel Glusberg (1898-1987), founder & director ; 2nd época: Director: Enrique Espinoza (pseudonym of Samuel Glusberg); Selected contributors: Manuel Rojas (1896-1973), Luis Franco (1898-1988), José Santos González Vera (1897-1970), Ernesto Montenegro (1885-1967), Laín Díez y Mauricio Amster (1907-1974). |
| 600 10 - SUBJECT ADDED ENTRY--PERSONAL NAME |
| Personal name |
Samuel Glusberg, |
| Dates associated with a name |
1898-1987 |
| Title of a work |
Babel (Santiago, Chile) |
| Form subheading |
Selections. |
| 630 00 - SUBJECT ADDED ENTRY--UNIFORM TITLE |
| Uniform title |
Babel (Santiago, Chile) |
| 630 00 - SUBJECT ADDED ENTRY--UNIFORM TITLE |
| Uniform title |
Babel (Buenos Aires, Argentina : 1921) |
| 650 #0 - SUBJECT ADDED ENTRY--TOPICAL TERM |
| Topical term or geographic name entry element |
Literature |
| General subdivision |
History and criticism |
| Form subdivision |
Periodicals. |
| 650 #0 - SUBJECT ADDED ENTRY--TOPICAL TERM |
| Topical term or geographic name entry element |
Latin American literature |
| General subdivision |
History and criticism |
| Form subdivision |
Periodicals. |
| 650 #0 - SUBJECT ADDED ENTRY--TOPICAL TERM |
| Topical term or geographic name entry element |
Arts |
| Geographic subdivision |
Chile |
| Form subdivision |
Periodicals. |
| 651 #0 - SUBJECT ADDED ENTRY--GEOGRAPHIC NAME |
| Geographic name |
Chile |
| General subdivision |
Civilization |
| Form subdivision |
Periodicals. |
| 651 #0 - SUBJECT ADDED ENTRY--GEOGRAPHIC NAME |
| Geographic name |
Chile |
| Form subdivision |
Periodicals. |
| 655 #0 - INDEX TERM--GENRE/FORM |
| Genre/form data or focus term |
Electronic books. |
| 700 12 - ADDED ENTRY--PERSONAL NAME |
| Personal name |
Samuel Glusberg, |
| Dates associated with a name |
1898-1987 |
| Title of a work |
Babel (Santiago, Chile) |
| Form subheading |
Selections. |
| 700 1# - ADDED ENTRY--PERSONAL NAME |
| Personal name |
Fuentes, Lorena. |
| 700 1# - ADDED ENTRY--PERSONAL NAME |
| Personal name |
Ferrett, Pierina. |
| 791 2# - |
| -- |
Digitalia (Firm), |
| -- |
distributor. |
| 793 0# - |
| -- |
Digitalia eBook Collection: |
| -- |
LOM Ediciones |
| 856 40 - ELECTRONIC LOCATION AND ACCESS |
| Materials specified |
Digitalia Hispánica |
| Uniform Resource Identifier |
<a href="https://www.digitaliapublishing.com/a/18280/">https://www.digitaliapublishing.com/a/18280/</a> |
| 910 ## - USER-OPTION DATA (OCLC) |
| User-option data |
Premium Collection: 2007-2012 |
| 942 ## - ADDED ENTRY ELEMENTS (KOHA) |
| Koha item type |
Recurso Electrónico |